Normal view MARC view
  • Cerrada, Carlos

Entry Nombre Personal

Number of records used in: 1

001 - NUMERO DE CONTROL

  • campo de control: 49308

003 - IDENTIFICADOR DE NUMERO DE CONTROL

  • campo de control: UPN

005 - FECHA Y HORA DE LA ÜLTIMA TRANSACCIÓN

  • campo de control: 20230801092539.0

008 - DATOS DE LONGITUD FIJA

  • campo de control de longitud fija: 230613|| acn||aabn | a|a d

024 ## - OTROS IDENTIFICADORES NORMALIZADOS

  • Fuente: orcid
  • Número normalizado o código: https://orcid.org/0000-0003-2007-9978

040 ## - FUENTE DE CATALOGACIÓN

  • Agencia original de catalogación: MX-MxUPN

100 1# - ENCABEZAMIENTO - NOMBRE PERSONAL

  • Nombre personal: Cerrada, Carlos

370 ## - LUGAR ASOCIADO

  • Place of birth: España

371 ## - DIRECCIÓN

  • Electronic mail address: carlos.cerrada@cardenalcisneros.es

372 ## - CAMPO DE ACTIVIDAD

  • Field of activity: Educación, didácticas específicas
  • Field of activity: Docencia

373 ## - GRUPO ASOCIADO

  • Associated group: Centro Universitario Cardenal Cisneros

374 ## - OCUPACIÓN

  • Occupation: Profesor universitario

400 ## - VEÁSE - NOMBRE DE PERSONA

  • Personal name: Cerrada Cuesta, Carlos

670 ## - FUENTE EN LA QUE SE LOCALIZARON DATOS

  • Cita de la fuente: En recurso en línea Arte, Individuo y Sociedad Vol. 35, no. 2 (2023):
  • Información localizada: página 667 (Carlos Cerrada)
  • Uniform Resource Identifier: https://revistas.ucm.es/index.php/ARIS/article/view/84558/4564456563672

902 ## - CATALOGADOR

  • Catalogador: RGJD/130623